របាយការណ៍សិក្ខាសាលា (Record no. 9296)
[ view plain ]
| 000 -LEADER | |
|---|---|
| fixed length control field | 00296nam a22001217a 4500 |
| 040 ## - CATALOGING SOURCE | |
| Transcribing agency | HS |
| 082 ## - DEWEY DECIMAL CLASSIFICATION NUMBER | |
| Classification number | 333 |
| 100 ## - MAIN ENTRY--AUTHOR NAME | |
| Personal name | ផល អ៊ីម |
| 245 ## - TITLE STATEMENT | |
| Title | របាយការណ៍សិក្ខាសាលា |
| 260 ## - PUBLICATION, DISTRIBUTION, ETC. (IMPRINT) | |
| Place of publication | Cambodia |
| Name of publisher | ផល អ៊ីម |
| Year of publication | 1999 |
| 300 ## - PHYSICAL DESCRIPTION | |
| Number of Pages | 54p; |
| 942 ## - ADDED ENTRY ELEMENTS (KOHA) | |
| Koha item type | សៀវភៅភាសាខ្មែរ |
| 952 ## - LOCATION AND ITEM INFORMATION (KOHA) | |
| Withdrawn status [LOCAL, KOHA] | 0 |
| 952 ## - LOCATION AND ITEM INFORMATION (KOHA) | |
| Withdrawn status [LOCAL, KOHA] | 0 |
| Permanent Location | Date acquired | Koha item type | Lost status | Shelving location | Barcode | Current Location | Full call number |
|---|---|---|---|---|---|---|---|
| Library Block C | 2016-08-30 | សៀវភៅភាសាខ្មែរ | C191 | RUA047075 | Library Block C | 333 ផល 1999 C191 | |
| Library Block C | 2016-09-07 | សៀវភៅភាសាខ្មែរ | C063 | RUA045641 | Library Block C | 333 ផល 1999 C63 |